Производство серной кислоты: учебник для среднего профессионально-технического образования

Մատենագիտական մանրամասներ
Հիմնական հեղինակ: Амелин А. Г. Анатолий Гаврилович
Այլ հեղինակներ: Яшке Е. В. Елена Владимировна
Լեզու:ռուսերեն
Հրապարակվել է: Москва, Высшая школа, 1980
Հրատարակություն:2-е изд., перераб. и доп.
Շարք:Профтехобразование. Технология основных химических продуктов
Խորագրեր:
Ձևաչափ: Գիրք
KOHA link:https://koha.lib.tpu.ru/cgi-bin/koha/opac-detail.pl?biblionumber=369050

MARC

LEADER 00000nam0a2200000 4500
001 369050
005 20231102012138.0
035 |a (RuTPU)RU\TPU\retro\26432 
090 |a 369050 
100 |a 20220429d1980 m y0rusy50 ca 
101 0 |a rus 
102 |a RU 
105 |a a j 001zy 
200 1 |a Производство серной кислоты  |e учебник для среднего профессионально-технического образования  |f А. Г. Амелин, Е. В. Яшке 
205 |a 2-е изд., перераб. и доп. 
210 |a Москва  |c Высшая школа  |d 1980 
215 |a 254 с.  |c ил. 
225 1 |a Профтехобразование. Технология основных химических продуктов 
320 |a Библиогр.: с.236 
606 1 |a Серная кислота  |x Производство  |2 stltpush  |3 (RuTPU)RU\TPU\subj\32066  |9 54738 
610 1 |a учебники 
610 1 |a сырье 
610 1 |a серный колчедан 
610 1 |a сернистый газ 
610 1 |a печи 
610 1 |a очистка 
610 1 |a контактные системы 
610 1 |a схемы 
610 1 |a хранение 
610 1 |a перевозка 
610 1 |a организация труда 
610 1 |a контроль 
675 |a 661.25(075.3)  |v 4 
700 1 |a Амелин  |b А. Г.  |g Анатолий Гаврилович 
701 1 |a Яшке  |b Е. В.  |g Елена Владимировна 
801 1 |a RU  |b 63413507  |c 20220429 
942 |c BK